| 000 | 02403cam a22001935a 4500 | ||
|---|---|---|---|
| 001 | L155574 | ||
| 008 | 120329s1731 xxk f 000 0 eng d | ||
| 035 | _a(Sirsi) u155574 | ||
| 041 | 0 | _aeng | |
| 100 | 1 |
_aHatton, Edward _db. 1664? |
|
| 245 | 0 | 3 |
_aAn intire system of arithmetic _bor arithmetic in all its parts. Containing I. Vulgar. II. Decimal. III. Duodecimal. IV. Sexagesimal. V. Political. VI. Logarithmical. Vii. Lineal. Viii. Instrumental. IX. Algebraical. With the Arithmetic of Negatives, and Approximation or Converging Series. The whole intermix'd with rules new, curious, and useful, mostly accounted for in the preface. The Algebraic Part is rendered more Plain and Easy, than hath been done, by Instructive Rules and Examples Literally and Numerally, in a Method New: Solving Equations, Simple, Quadratic, Cubic, &c. several ways. And in the proper Places of this Work are An Accurate Table of Logarithms to 10000, and Rule to find those to 100000000, and Natural Numbers to such Logarithms; with the full Use of the Table in Multiplication, Division. Involution, Evolution, and in the Solution of all Cases of Compound Interest, of which there are 21 Large and Exquisite Tables, (and one for the Valuation of Church or College-Leases of their Land) as also those of Simple Interest and Discount, with a new Method of finding the later and the present Worth of Money for Days. Also Ample Definitions and Explanations of Numbers, Quantities and Terms used in all Parts of Arithmetic, in Alphabetical Order; rendring the Whole more Intelligible, and the Easier Learned. With an appendix, shewing the Mensuration of more Superficies and Solids than any Book wrote purposely on that Subject has exhibited. This Treatise, for Copiousness and Novelty of Matter and Method, for exceeding the most Perfect Arithmetic extant. Necessary for all who would in a short Time, and with little Study, acquire a competent Knowledge of Numbers and Species, or would make any considerable Progress in the Mathematicks. By Edward Hatton, Gent. |
| 250 | _aThe second edition, with additions | ||
| 260 |
_aLondon _bprinted for G. Strahan, at the Golden-Ball, over against the Royal-Exchange in Cornhill _c1731 |
||
| 300 |
_a[4], xvi, 476 p., plates _bport. _c4o |
||
| 583 |
_aCondition reviewed _c20120620 _lcondition level 2 |
||
| 651 | 4 |
_aGreat Britain _y1707- |
|
| 690 |
_aMeasurement _96256 |
||
| 942 | _n0 | ||
| 999 |
_c113672 _d113672 |
||